| 000 | 01195cam a2200277 i 4500 | ||
|---|---|---|---|
| 003 | SA-RiAUC | ||
| 005 | 20241224091817.0 | ||
| 008 | 241219s2010 ku g 000 0 ara c | ||
| 040 |
_aSA-JeALM _bara _cSA-RiAUC _erda |
||
| 082 | 0 | 4 |
_a236.4 _qSA-RiAUC |
| 090 |
_a236.4 _bخ ذ ي |
||
| 100 | 1 |
_aخذيري، الطاهر الأزهر _eمؤلف. |
|
| 245 | 1 | 2 |
_aالمدخل إلى موطأ مالك بن أنس / _cتأليف الدكتور الطاهر الأزهر خذيري. |
| 250 | _aالطبعة الاولى. | ||
| 264 | 1 |
_aالكويت : _bمكتب الشؤون الفنية، _c2008 |
|
| 300 |
_a176 صفحة ؛ _c24 × 17 سم |
||
| 336 |
_aنص _btxt _2rdacontent _3كتاب |
||
| 337 |
_aبدون وسيط _bn _2rdamedia |
||
| 338 |
_aمجلد _bnc _2rdacarrier |
||
| 490 |
_aمشروع قراءة وسماع الكتب السبعة _v5 |
||
| 650 | 7 |
_aالحديث _xمسند ابن مالك _2aucsh |
|
| 650 | 7 |
_aالحديث _xكتب أئمة الفقه الأربعة _2aucsh |
|
| 700 | 1 | 2 |
_iشرح لـ (عمل) : _aالإمام مالك، مالك بن أنس بن مالك، _d93-179 هجري. _tالموطأ. |
| 942 |
_2ddc _cBOOK _n0 |
||
| 949 |
_aSA-JeALM _d241219 _uosman123 _n1 |
||
| 999 |
_c3899 _d3899 |
||